Statistics for Ben 10 Aliens Quiz

Click here to take the quiz!

General Stats

  • This quiz has been taken 2,213 times
  • The average score is 21 of 51

Answer Stats

Alien % Correct
Four Arms
89%
Heatblast
83%
Diamondhead
76%
Grey Matter
76%
XLR8
74%
Wildmutt
72%
Upgrade
66%
Ghostfreak
66%
Swampfire
66%
Stinkfly
65%
Cannonbolt
64%
Way Big
62%
Ripjaws
59%
Alien X
58%
Big Chill
58%
Echo Echo
57%
Wildvine
55%
Spidermonkey
50%
Jetray
50%
Upchuck
48%
Humungousaur
46%
Benwolf
45%
Ditto
44%
Goop
44%
Chromastone
39%
Benmummy
37%
Rath
36%
Water Hazard
34%
NRG
34%
Eye Guy
33%
Bloxx
31%
Feedback
29%
Terraspin
28%
Benvicktor
27%
Armodrillo
25%
Ampfibian
25%
Fasttrack
24%
Nanomech
22%
Spitter
21%
Lodestar
21%
Buzzshock
20%
Clockwork
19%
Articguana
19%
Shocksquatch
17%
Gravattack
17%
Eatle
14%
Jury Rigg
14%
Crashhopper
14%
Ball Weevil
11%
Kickin Hawk
10%
Tin Head
2%

Score Distribution

Percentile by Number Answered

Percent of People with Each Score

Your Score History

You have not taken this quiz